000 00625nam a22002177a 4500
003 OSt
008 260430b |||||||| |||| 00| 0 eng d
082 _a634.44
_bR95E
100 _aRani, Rubi.
245 _aEffect of Some Chemicals on Quality Characters and Shelf Life of Mango (Mangifera indica L.) CV. Amrapali.
_cby Rubi Rani
260 _a.- Sabour, Bhagalpur
_b: Bihar Agricultural College, RAU
_c, 2000
300 _a108p.
502 _bPh. D.
_d2000
650 _aHorticulture
650 _aPomology
650 _aMangoes
650 _aCV. Amrapali
650 _aThesis
650 _aPh. D.
942 _2ddc
_cT
999 _c50323
_d50323